Era el año 1914 : (Registro nro. 30714)
[ vista simple ]
| 000 -LÍDER | |
|---|---|
| campo de control de longitud fija | 00811nam a2200253 4500 |
| 005 - FECHA Y HORA DE LA ÚLTIMA | |
| campo de control | 20240320210355.0 |
| 008 - ELEMENTOS DE DATOS DE LONGITUD FIJA - INFORMACIÓN GENERAL | |
| campo de control de longitud fija | 240320b |||||||| |||| 00| 0 eng d |
| 020 ## - NÚMERO INTERNACIONAL NORMALIZADO DEL LIBRO | |
| Número de libro estándar internacional | 8475301797 |
| 037 ## - FUENTE DE ADQUISICIÓN | |
| Materials specified | Donación |
| 040 ## - FUENTE DE CATALOGACIÓN | |
| Agencia de catalogación original | CO-JMCR |
| Agencia de transcripción | CO-JMCR |
| Agencia modificadora | CO-JMCR |
| Convenciones de descripción | rda |
| 041 ## - CÓDIGO DE IDIOMA | |
| Código de idioma del texto/pista de sonido o título independiente | spa |
| 082 ## - NÚMERO DE CLASIFICACIÓN DECIMAL DEWEY | |
| Número de clasificación | A-N |
| Número de artículo | JOHe |
| 100 ## - ENTRADA PRINCIPAL - NOMBRE PERSONAL | |
| Término relativo | autor |
| Nombre personal | Johnson, Eyvind |
| 9 (RLIN) | 43577 |
| 245 ## - DECLARACIÓN DEL TÍTULO | |
| Título | Era el año 1914 : |
| Resto del título | Aquí tienes tu vida / |
| Declaración de responsabilidad, etc. | Eyvind Johnson |
| 246 ## - FORMA VARIABLE DEL TÍTULO | |
| Título propiamente dicho/título corto | Nu var det 1914 |
| Resto del título | Har har du ditt liv! |
| 260 ## - PUBLICACIÓN, DISTRIBUCIÓN, ETC. | |
| Lugar de publicación, distribución, etc. | Bogotá |
| Nombre del editor, distribuidor, etc. | Ediciones Orbis, S.A. |
| Fecha de publicación, distribución, etc. | 1935 |
| 300 ## - DESCRIPCIÓN FÍSICA | |
| Medida | 301 páginas |
| Dimensiones | 20 cm |
| 586 ## - NOTA DE PREMIOS | |
| Nota de premios | Premio Nobel de Literatura 1974 |
| 650 ## - ENTRADA AÑADIDA DE ASUNTO - TÉRMINO TEMÁTICO | |
| Fuente del encabezado o término | JMCR |
| -- | Novela sueca |
| 9 (RLIN) | 7542 |
| 650 ## - ENTRADA AÑADIDA DE ASUNTO - TÉRMINO TEMÁTICO | |
| Fuente del encabezado o término | JMCR |
| -- | Literatura sueca |
| 9 (RLIN) | 43578 |
| 650 ## - ENTRADA AÑADIDA DE ASUNTO - TÉRMINO TEMÁTICO | |
| Fuente del encabezado o término | JMCR |
| -- | Libertad en la literatura |
| 9 (RLIN) | 7761 |
| 700 ## - ENTRADA AGREGADA - NOMBRE PERSONAL | |
| Nombre personal | Sariols, Deerie |
| Término relativo | Traductor |
| 9 (RLIN) | 43579 |
| 942 ## - ELEMENTOS DE ENTRADA AÑADIDOS (KOHA) | |
| Source of classification or shelving scheme | Dewey Decimal Classification |
| Tipo de artículo Koha | Books |
| 999 ## - | |
| -- | 30714 |
| -- | 17098 |
| Estado retirado |
|---|